Ken / (Record no. 137164)

MARC details
000 -CABECERA
campo de control de longitud fija 01782dam a2200325 i 4500
001 - NÚMERO DE CONTROL
campo de control 991061727879706706
003 - IDENTIFICADOR DEL NÚMERO DE CONTROL
campo de control ES-BaIT
005 - FECHA Y HORA DE LA ÚLTIMA TRANSACCIÓN
campo de control 20260227104544.0
008 - DATOS DE LONGITUD FIJA--INFORMACIÓN GENERAL
campo de control de longitud fija 250714e202504 fr r 000 1 fre d
020 ## - NÚMERO INTERNACIONAL ESTÁNDAR DEL LIBRO
Número Internacional Estándar del Libro 9782749816890
040 ## - FUENTE DE LA CATALOGACIÓN
Centro catalogador/agencia de origen ES-BaIT
Lengua de catalogación cat
Normas de descripción rda
Centro/agencia transcriptor ES-BaIT
080 ## - NÚMERO DE LA CLASIFICACIÓN DECIMAL UNIVERSAL
Número de la Clasificación Decimal Universal 840-2"19"
100 1# - ENTRADA PRINCIPAL--NOMBRE DE PERSONA
Nombre de persona Robert-Espalieu, Emmanuel,
Fechas asociadas al nombre 1970-
Término indicativo de función/relación autor
9 (RLIN) 168742
245 10 - MENCIÓN DE TÍTULO
Título Ken /
Mención de responsabilidad, etc. Emmanuel Robert-Espalieu
264 #1 - PRODUCCIÓN, PUBLICACIÓN, DISTRIBUCIÓN, FABRICACIÓN Y COPYRIGHT
Producción, publicación, distribución, fabricación y copyright Paris :
Nombre del de productor, editor, distribuidor, fabricante L'avant-scène théâtre,
Fecha de producción, publicación, distribución, fabricación o copyright avril 2025
300 ## - DESCRIPCIÓN FÍSICA
Extensión 89 pàgines ;
Dimensiones 21 cm
336 ## - TIPO DE CONTENIDO
Término de tipo de contenido text
Código de tipo de contenido txt
Fuente rdacontent
337 ## - TIPO DE MEDIO
Nombre/término del tipo de medio sense mediació
Código del tipo de medio n
Fuente rdamedia
338 ## - TIPO DE SOPORTE
Nombre/término del tipo de soporte volum
Código del tipo de soporte nc
Fuente rdacarrier
490 1# - MENCIÓN DE SERIE
Mención de serie L'Avant-scène théatre ;
Designación de volumen o secuencia no 1576
500 ## - NOTA GENERAL
Nota general P3: D2, H1
500 ## - NOTA GENERAL
Nota general Publicat com no 1576 (avril 2025) de la revista L'Avant-scène théâtre
500 ## - NOTA GENERAL
Nota general Estrena Atelier Théâtre Actuel (Avignon), el 4 de juillet de 2025
520 ## - SUMARIO, ETC.
Sumario, etc. "Il s'appelle Ken, allors? Elle, se fait bien appeler Augustine. Là réside toute la magie des sites de rencontre : on s'y invente un prénom et une vie, pour se donner plus des chances. Surtout quand on a 60 ans et que l'on doute de son potentiel de séduction... Sauf que les réseaux sociaux, pour Claire - dont c'est le vrai prénom - représentent un univers plein de surprises, voire de dangers. Le risque de se prendre les pieds dans le tapis est grand, et la rélaité se dépêche alors de rattraper la fiction! Une comédie pétillante sur les apparences et la désillusion, qui invite le spectateur à assumer qui il est réellement, avec l'autre, pour l'autre et pour lui-même"-- Contracoberta
650 #0 - PUNTO DE ACCESO ADICIONAL DE MATERIA--TÉRMINO DE MATERIA
Término de materia o nombre geográfico como elemento de entrada Xarxes socials
Subdivisión de forma Textos dramàtics
9 (RLIN) 168738
830 ## - PUNTO DE ACCESO ADICIONAL DE SERIE-TÍTULO UNIFORME
Título uniforme Avant-scène.
Nombre de parte o sección de la obra Théâtre
Designación de volumen o secuencia no 1576
9 (RLIN) 168170
908 ## - COLOCAR PARÁMETRO DE COMANDO (RLIN)
Colocar parámetro de comando CDMAE
940 ## - EQUIVALENCIA O REFERENCIA-CRUZADA--TÍTULO UNIFORME [OBSOLETO] [solamente CAN/MARC]
Título uniforme <a href="CDMAE">CDMAE</a>
942 ## - ELEMENTOS DE ENTRADA AGREGADA (KOHA)
Fuente del sistema de clasificación o colocación Clasificación decimal universal
Tipo de ítem Koha Llibre
Holdings
Estado de retiro Estado de pérdida Fuente del sistema de clasificación o colocación Estado dañado No para préstamo Localización permanente Ubicación/localización actual Ubicación en estantería Fecha de adquisición Fuente de adquisición Total de préstamos Signatura topográfica completa Código de barras Fecha visto por última vez Precio válido a partir de Tipo de ítem Koha
    Clasificación decimal universal     Biblioteca Barcelona Biblioteca Barcelona BCN Magatzem Revistes 27/02/2026 Compra   S 143-06 1900089887 27/02/2026 27/02/2026 Llibre

Powered by Koha